| 000 | 01729cam a22003614a 4500 | ||
|---|---|---|---|
| 001 | 16901921 | ||
| 003 | OSt | ||
| 005 | 20231205154508.0 | ||
| 008 | 110803s2012 maua b 001 0 eng | ||
| 010 | _a 2011033010 | ||
| 016 | 7 |
_a015990926 _2Uk |
|
| 020 | _a9780262017213 (hardcover : alk. paper) | ||
| 035 | _a(OCoLC)ocn745766075 | ||
| 040 |
_aDLC _beng _cDLC _dYDX _dBTCTA _dUKMGB _dBDX _dYDXCP _dERASA _dDLC |
||
| 042 | _apcc | ||
| 043 | _an-us--- | ||
| 050 | 0 | 0 |
_aHT123 _b.W228 2012 |
| 082 | 0 | 0 |
_a307.760973 _bWAR/A |
| 100 | 1 |
_aWarner, Sam Bass, _d1928- _910050 |
|
| 245 | 1 | 0 |
_aAmerican urban form : _ba representative history / _cSam Bass Warner and Andrew H. Whittemore ; drawings by Andrew H. Whittemore. |
| 260 |
_aCambridge, Mass. : _bMIT Press, _cc2012. |
||
| 300 |
_a183 p. : _bill. ; _c27 cm. |
||
| 490 | 1 | _aUrban and industrial environments | |
| 504 | _aIncludes bibliographical references and index. | ||
| 505 | 0 | _aIntroduction -- The city's seventeenth century beginnings -- The city in the mid-eighteenth century -- The merchant republic, 1820 -- The city overwhelmed, 1860 -- The city restructured, 1895 -- Toward a new economy and a novel urban form, 1925 -- The federally supported city, 1950 -- The polycentric city, 1975 -- The global city, 2000. | |
| 650 | 0 |
_aCities and towns _zUnited States _xHistory. |
|
| 650 | 0 |
_aCity and town life _zUnited States _xHistory. |
|
| 700 | 1 |
_aWhittemore, Andrew H., _d1980- |
|
| 830 | 0 | _aUrban and industrial environments. | |
| 906 |
_a7 _bcbc _corignew _d1 _eecip _f20 _gy-gencatlg |
||
| 942 |
_2ddc _cBK _h307.760973 _iWAR/A _k307.760973 _mWAR/A |
||
| 999 |
_c43791 _d43791 |
||